Statistics for Billy Joel Lyrics Quiz (Part 92)

Click here to take the quiz!

General Stats

  • This quiz has been taken 16 times
  • The average score is 278 of 460

Answer Stats

Answer% Correct
a
100%
I
100%
s
100%
and
92%
And
92%
don’t
92%
In
92%
in
92%
is
92%
the
92%
When
92%
yo
92%
you
92%
You
92%
be
85%
can
85%
if
85%
it
85%
what
85%
What
85%
can’t
77%
could
77%
for
77%
hear
77%
no
77%
No
77%
So
77%
so
77%
To
77%
to
77%
your
77%
all
69%
are
69%
got
69%
have
69%
know
69%
never
69%
not
69%
of
69%
one
69%
Should
69%
time
69%
time,
69%
with
69%
You’re
69%
you’re
69%
But
62%
by
62%
going
62%
It’s
62%
it’s
62%
say
62%
see
62%
some
62%
Some
62%
That
62%
that
62%
want
62%
way
62%
about
54%
always
54%
any
54%
been
54%
best
54%
couldn’t
54%
day
54%
Haven’t
54%
how
54%
like
54%
now
54%
talk
54%
tell
54%
That’s
54%
these
54%
things
54%
this
54%
This
54%
through
54%
well
54%
were
54%
You’ve
54%
you’ve
54%
After
46%
after
46%
again,
46%
ain’t
46%
because
46%
Because
46%
gonna
46%
heart
46%
hurt
46%
nothing
46%
only
46%
out
46%
something
46%
takes
46%
There
46%
There’
46%
was
46%
wouldn’t
46%
years
46%
alone
38%
anyway
38%
before
38%
break
38%
broken
38%
change
38%
enough
38%
feel
38%
gives
38%
hard
38%
just
38%
kind
38%
left
38%
little
38%
living
38%
lose
38%
lot
38%
once,
38%
part
38%
really
38%
very
38%
ago
31%
back
31%
carry
31%
certain
31%
code
31%
deal
31%
different
31%
forever
31%
hide
31%
hold
31%
inside
31%
isn’t
31%
long
31%
moment
31%
near
31%
needed
31%
other
31%
pain
31%
place,
31%
point
31%
reasons
31%
save
31%
silence
31%
still
31%
strange
31%
told
31%
wants
31%
went
31%
yourself
31%
anger
23%
believe
23%
crack
23%
deep
23%
dirt
23%
disappears
23%
easily
23%
ends
23%
Everybody
23%
following
23%
fool,
23%
friendship
23%
impulse
23%
inclined
23%
keep
23%
mistakes
23%
neither’s
23%
over
23%
paid
23%
passes
23%
people
23%
pride
23%
rage
23%
rules
23%
soul
23%
supposed
23%
tear
23%
vow
23%
within
23%
anyhow
15%
brings
15%
bury
15%
danger
15%
Everybody’s
15%
happened
15%
honored
15%
madness
15%
memory
15%
resolution
15%
spite
15%
swore
15%
tears
15%
unknown
15%
million
8%
questions
8%
score
8%
secrets
8%

Score Distribution

Percentile by Number Answered

Percent of People with Each Score

Your Score History

You have not taken this quiz